|
|
|
|
| LEADER |
00724nab a2200181 i 4500 |
| 001 |
misc9283 |
| 005 |
20191106143527.0 |
| 008 |
170607s1914 hu o 0|| hun d |
| 022 |
|
|
|a 0025-0260
|
| 040 |
|
|
|a SZTE Miscellanea Repozitórium
|b hun
|
| 041 |
|
|
|a hun
|
| 100 |
1 |
|
|a Szöllősi István
|
| 245 |
1 |
2 |
|a A tanítóképzés reformja
|h [elektronikus dokumentum] :
|b Magyar Tanítóképző : 1914, 3. sz. /
|c Szöllősi István
|
| 260 |
|
|
|c 1914
|
| 300 |
|
|
|a 315-316
|
| 490 |
0 |
|
|a Magyar pedagógia : a Magyar Tudományos Akadémia Pedagógiai Bizottságának folyóirata
|v 23
|
| 695 |
|
|
|a Pedagógiai szakirodalom magyar szemle 1914, Lapszemle
|
| 856 |
4 |
0 |
|u http://misc.bibl.u-szeged.hu/9283/1/mp_1914_2050_315-316.pdf
|z Dokumentum-elérés
|